Effective of different types of rice milling machines on grain quality at different moisture content; ឥទ្ធិពលនៃការកិនស្រូវដោយម៉ាស៊ីនប្រភេទផ្សេងគ្នាទៅលើគុណភាពគ្រាប់ ក្នុងលក្ខខណ្ឌសំណើមខុសគ្នា (Record no. 9304)

000 -LEADER
fixed length control field 00669nam a22001337a 4500
040 ## - CATALOGING SOURCE
Transcribing agency RUA
082 ## - DEWEY DECIMAL CLASSIFICATION NUMBER
Classification number VEM TRY 2015 B515 Or.
100 ## - MAIN ENTRY--AUTHOR NAME
Personal name TRY SAMDY; ទ្រី សាមឌី
245 ## - TITLE STATEMENT
Title Effective of different types of rice milling machines on grain quality at different moisture content; ឥទ្ធិពលនៃការកិនស្រូវដោយម៉ាស៊ីនប្រភេទផ្សេងគ្នាទៅលើគុណភាពគ្រាប់ ក្នុងលក្ខខណ្ឌសំណើមខុសគ្នា
260 ## - PUBLICATION, DISTRIBUTION, ETC. (IMPRINT)
Place of publication RUA
Name of publisher Phnom Penh
Year of publication 2015
300 ## - PHYSICAL DESCRIPTION
Number of Pages xiii; 54p.
Other physical details ill.
Dimensions 29cm.
856 ## - ELECTRONIC LOCATION AND ACCESS
Uniform Resource Identifier TRY SAMDY
942 ## - ADDED ENTRY ELEMENTS (KOHA)
Koha item type VEM
952 ## - LOCATION AND ITEM INFORMATION (KOHA)
Withdrawn status [LOCAL, KOHA] 0
952 ## - LOCATION AND ITEM INFORMATION (KOHA)
Withdrawn status [LOCAL, KOHA] 0
952 ## - LOCATION AND ITEM INFORMATION (KOHA)
Withdrawn status [LOCAL, KOHA] 0
952 ## - LOCATION AND ITEM INFORMATION (KOHA)
Withdrawn status [LOCAL, KOHA] 0
952 ## - LOCATION AND ITEM INFORMATION (KOHA)
Withdrawn status [LOCAL, KOHA] 0
952 ## - LOCATION AND ITEM INFORMATION (KOHA)
Withdrawn status [LOCAL, KOHA] 0
952 ## - LOCATION AND ITEM INFORMATION (KOHA)
Withdrawn status [LOCAL, KOHA] 0
952 ## - LOCATION AND ITEM INFORMATION (KOHA)
Withdrawn status [LOCAL, KOHA] 0
952 ## - LOCATION AND ITEM INFORMATION (KOHA)
Withdrawn status [LOCAL, KOHA] 0
952 ## - LOCATION AND ITEM INFORMATION (KOHA)
Withdrawn status [LOCAL, KOHA] 0
952 ## - LOCATION AND ITEM INFORMATION (KOHA)
Withdrawn status [LOCAL, KOHA] 0
952 ## - LOCATION AND ITEM INFORMATION (KOHA)
Withdrawn status [LOCAL, KOHA] 0
Holdings
Permanent Location Date acquired Koha item type Lost status Barcode Shelving location Current Location Full call number
Library Block B2016-08-30AGE RUA062314 Library Block BAGE TRY 2015 B515 Or.1
Library Block B2016-08-30AGE RUA062292 Library Block BAGE TRY 2015 B515 Or.2
Library Block B2016-08-30AGE RUA057038 Library Block BAGE TRY 2015 B515 Or.3
Library Block B2016-08-30AGE RUA057121 Library Block BAGE TRY 2015 B515 Or.4
Library Block B2016-08-30AGE RUA058943 Library Block BAGE TRY 2015 B515 Or.5
Library Block B2016-08-30AGE RUA058939 Library Block BAGE TRY 2015 B515 Or.6
Library Block B2016-08-30AGE RUA058891 Library Block BAGE TRY 2015 B515 Or.7
Library Block B2016-08-30AGE RUA062737 Library Block BAGE TRY 2015 B515 Or.8
Library Block B2021-09-28AGE a065891B670Library Block BVEM TRY 2015 B670 Or.
Library Block B2021-09-28AGE A065599B670Library Block BVEM TRY 2015 B670 Or.
Library Block B2021-09-28AGE A065595B670Library Block BVEM TRY 2015 B670 Or.
Library Block B2021-09-28AGE A066019B670Library Block BVEM TRY 2015 B670 Or.
មជ្ឈមណ្ឌលឯការនៃសាកលវិទ្យាល័យភូមិន្ទកសិកម្មចំការដូង

Powered by Koha